Das einzig übrige Land, das ... (Ozeanien) - Statistiken

Allgemein
  • Dieses Quiz wurde 433 mal gespielt
  • Das Durchschnittsergebnis liegt bei 11 aus 14
Antworten auf der Karte
Die Antworten werden auf der Karte rot bzw. grün angezeigt, abhängig davon wie oft sie richtig erraten wurden.
 
Antwortstatistiken
Das einzig übrige ozeanische Land, das ... Antwort % Korrekt
größer als Chile ist Australien
100%
mehr als 1 Million Einwohner hat Neuseeland
95%
ein Nachbarland hat Papua-Neuguinea
93%
in allen Hemisphären liegt Kiribati
84%
kleiner als 100 km² ist Nauru
81%
eine Hauptstadt hat, die mit "Port" beginnt Vanuatu
81%
ein Tier auf der Flagge hat Fidschi
80%
weniger als 50.000 Einwohner hat Palau
79%
einen Union Jack auf der Flagge hat Tuvalu
78%
rot auf der Flagge hat Tonga
76%
eine Hauptstadt mit 4 Buchstaben hat Samoa
75%
mehr als 100.000 EInwohner hat Mikronesien
74%
in Ozeanien liegt Marshallinseln
73%
5 Sterne auf der Flagge hat Salomonen
72%
Keine übereinstimmenden Quizze gefunden
Verteilung der Resultate
Anzahl Personen mit jedem Resultat
Perzentil nach korrekt beantworteten Fragen
Ihre Resultats-Entwicklung
Sie haben dieses Quiz noch nicht gespielt